000
00242 a2200109 4500
001
50825
040
_c
Anchieta - Pituba
240
1
0
_a
Ideen 3
_l
245
1
0
_a
Ideen 3
650
4
_a
Línguas germânicas (teutônicas) língua alemã
942
_c
MU
999
_c
50825
_d
50825